00960cam a22002891 450000100060000000300080000600500170001400800410003103500190007203500200009104000470011104100080015806000230016608200230018910000470021224500550025926000520031430000200036650000210038650400190040765000220042665000240044870000390047294200120051199900170052395201300054013092BD-RjUL20211208235414.0140130r19481944enk 001 0 eng d a(BD-RjUL)13142 a(OCoLC)14733214 aDLCcDNLMdOCoDdABAUdDLCd(BD-RjUL)beng aeng0 aWM 100bL699h 194300219a150 bLIH 19481 aLichtenstein, Perry Maurice,d1887-94078512aA handbook of psychiatry /cby P. M. Lichtenstein  aLondon :bRoutledge & Kegan paul limited,c1948 a330 p. ;c22cm. a"First edition." aInclude index. 0aPsychology940786 0aPathological9407871 aSmall, Saul Mouchly,d1913-940788 2ddccBK c13092d13092 00102ddc40718NFICaRUCLbRUCLcReadingd1956-01-26eS.Mg0.17l0o150 LIH 1948r2014-01-30 00:00:00tC-1w2021-12-08yBK